Array signal processing : concepts and techniques /

Bibliographic Details
Main Author: Johnson, Don H.
Other Authors: Dudgeon, Dan E.
Format: Book
Language:English
Published: Englewood Cliffs, NJ : P T R Prentice Hall, [1993]
Series:Prentice-Hall signal processing series.
Subjects:

MARC

Tag First Indicator Second Indicator Subfields
LEADER 00000pam a2200000 a 4500
001 in00001508321
005 20151021093032.0
008 920306s1993 njua b 001 0 eng
010 |a  92010476  
015 |a GB93-53541 
020 |a 0130485136 :  |c $33.75 
035 |a (OCoLC)25546138 
035 |9 AJK4073AM 
040 |a DLC  |c DLC  |d UKM  |d TXA  |d UtOrBLW 
049 |a TXAM 
050 0 0 |a TK5102.5  |b .J615 1993 
082 0 0 |a 621.382/2  |2 20 
100 1 |a Johnson, Don H. 
245 1 0 |a Array signal processing :  |b concepts and techniques /  |c Don H. Johnson, Dan E. Dudgeon. 
264 1 |a Englewood Cliffs, NJ :  |b P T R Prentice Hall,  |c [1993] 
264 4 |c ©1993 
300 |a xiii, 533 pages :  |b illustrations ;  |c 25 cm. 
336 |a text  |b txt  |2 rdacontent 
337 |a unmediated  |b n  |2 rdamedia 
338 |a volume  |b nc  |2 rdacarrier 
490 1 |a Prentice Hall signal processing series 
504 |a Includes bibliographical references (pages 507-515) and index. 
650 0 |a Signal processing  |x Digital techniques. 
653 0 |a Signals  |a Processing 
700 1 |a Dudgeon, Dan E. 
830 0 |a Prentice-Hall signal processing series. 
994 |a E0  |b TXA 
948 |a cataloged  |b h  |c 2000/2/7  |d c  |e pkellar  |f 12:16:02 pm 
999 |a MARS 
999 f f |s cfd99f7a-c7bf-3b43-97ae-a232d096fa31  |i fe2ea046-ef8b-37dc-8c9a-6e18dddbaaec  |t 0 
952 f f |p normal  |a Texas A&M University  |b College Station  |c Sterling C. Evans Library  |d Evans: Library Stacks  |t 0  |e TK5102.5 .J615 1993  |h Library of Congress classification  |i unmediated -- volume  |m A14825558279 
998 f f |a TK5102.5 .J615 1993  |t 0  |l Evans: Library Stacks